Trabajar por la palabra 1 :programa especial de educación básica para trabajadores
שמור ב:
| Main Authors: | , , |
|---|---|
| פורמט: | ספר |
| שפה: | ספרדית |
| יצא לאור: |
Santiago
Ministerio de Educación
1999
|
| מהדורה: | 2a. ed |
| נושאים: | |
| תגים: |
הוספת תג
אין תגיות, היה/י הראשונ/ה לתייג את הרשומה!
|
MARC
| LEADER | 00000nam a2200000 a 4500 | ||
|---|---|---|---|
| 001 | UCO3358 | ||
| 003 | CL-VaPUC | ||
| 008 | 000720e19990000CL |||||||||||||||||spa|d | ||
| 082 | 0 | 4 | |a 374 |b INF |2 21 |
| 100 | |a Infante Roldán, María Isabel |e author |9 562504 | ||
| 700 | |a Letelier G., María Eugenia |e author |9 484414 | ||
| 700 | 0 | |a Sotomayor S., Paola |e author |9 447470 | |
| 245 | 1 | 0 | |a Trabajar por la palabra 1 :programa especial de educación básica para trabajadores |
| 250 | |a 2a. ed | ||
| 300 | |a 163 p | ||
| 942 | |c BK | ||
| 945 | |d 20000720 00:00:00 |a rbrito | ||
| 260 | |a Santiago |b Ministerio de Educación |c 1999 | ||
| 650 | 0 | |a Educación de adultos |9 307580 | |
| 650 | 0 | |a Educación básica |9 224933 | |
| 583 | |a last modification |c 20120601 11:16:34 |k Rodrigo Vera | ||
| 999 | |c 289816 |d 289814 | ||
| 952 | |0 0 |1 0 |4 0 |6 374_000000000000000_INF_1999 |7 0 |8 A |9 338567 |a BIBEDU |b BIBEDU |d 2019-11-20 |i 3626903 |o 374 INF 1999 |p 3626903 |r 2019-11-20 |w 2019-11-20 |y BK |k BME | ||